000 00169nam a2200073Ia 4500
008 170817s9999 xx 000 0 und d
100 _aMishra.R.C
245 0 _aChild Psychology
260 _bA. P. H. PUB.
999 _c38500
_d38500